03825 2201873 4500001002100000008004100021035002000062245005700082100001000139250000600149260003300155300001200188084001400200082000800214650001300222990001200235990001200247990001200259990001200271990001200283990001200295990001200307990001200319990001200331990001200343990001200355990001200367990001200379990001200391990001200403990001200415990001200427990001200439990001200451990001200463990001200475990001200487990001200499990001200511990001200523990001200535990001200547990001200559990001200571990001200583990001200595990001200607990001200619990001200631990001200643990001200655990001200667990001200679990001200691990001200703990001200715990001200727990001200739990001200751990001200763990001200775990001200787990001200799990001200811990001200823990001200835990001200847990001200859990001200871990001200883990001200895990001200907990001200919990001200931990001200943990001200955990001200967990001200979990001200991990001201003990001201015990001201027990001201039990001201051990001201063990001201075990001201087990001201099990001201111990001201123990001201135990001201147990001201159990001201171990001201183990001201195990001201207990001201219990001201231990001201243990001201255990001201267990001201279990001201291990001201303990001201315990001201327990001201339990001201351990001201363990001201375990001201387990001201399990001201411990001201423990001201435990001201447990001201459990001201471990001201483990001201495990001201507990001201519990001201531990001201543990001201555990001201567990001201579990001201591990001201603990001201615990001201627990001201639990001201651990001201663990001201675990001201687990001201699990001201711990001201723990001201735990001201747990001201759990001201771990001201783990001201795990001201807990001201819990001201831990001201843990001201855990001201867990001201879990001201891990001201903990001201915990001201927990001201939INLIS000000000000818 ind  a0010-0524000053 aBuku Siswa Bahasa Jerman Kelas X Edisi RevisicKasim aKasim a1 aSolo :bTiga Serangkaic2016 a264 hlm a430 KAS b a430 aNonFiksi a0740776 a0740777 a0740778 a0740779 a0740780 a0740781 a0740782 a0740783 a0740784 a0740785 a0740786 a0740787 a0740788 a0740789 a0740790 a0740791 a0740792 a0740793 a0740794 a0740795 a0740796 a0740797 a0740798 a0740799 a0740800 a0740801 a0740802 a0740803 a0740804 a0740805 a0740806 a0740807 a0740808 a0740809 a0740810 a0740811 a0740812 a0740813 a0740814 a0740815 a0740816 a0740817 a0740818 a0740819 a0740820 a0740821 a0740822 a0740823 a0740824 a0740825 a0740826 a0740827 a0740828 a0740829 a0740830 a0740831 a0740832 a0740833 a0740834 a0740835 a0740836 a0740837 a0740838 a0740839 a0740840 a0740841 a0740842 a0740843 a0740844 a0740845 a0740846 a0740847 a0740848 a0740849 a0740850 a0740851 a0740852 a0740853 a0740854 a0740855 a0740856 a0740857 a0740858 a0740859 a0740860 a0740861 a0740862 a0740863 a0740864 a0740865 a0740866 a0740867 a0740868 a0740869 a0740870 a0740871 a0740872 a0740873 a0740874 a0740875 a0740876 a0740877 a0740878 a0740879 a0740880 a0740881 a0740882 a0740883 a0740884 a0740885 a0740886 a0740887 a0740888 a0740889 a0740890 a0740891 a0740892 a0740893 a0740894 a0740895 a0740896 a0740897 a0740898 a0740899 a0740900 a0740901 a0740902 a0740903 a0740904 a0740905 a0740906 a0740907 a0740908 a0740909 a0740910 a0740911 a0740912 a0740913 a0740914 a0740915 a0740916 a0740917 a0740918